01165nam a2200193Ia 4500001001100000003001000011008004100021040002500062041001400087100003200101245008100133250001100214260006200225300002700287500026200314501011400576520026200690650001900952L340-24010IT-CnALBA170116s9999||||xx |||||||||||||| ||und|| aIT-CnALBAcIT-CnALBA aFRANCESE  aLECLERCQ JACQUES, CANONICO. 0aLE FONDEMENT DU DROIT ET DE LA SOCIETÀ. VOL. I: LECONS DE DROIT NATUREL.  a3a ed. a NAMURbWESMAEL-CHARLIER, EDITIONS c1948 [1° Ed.: n.d.] a459 p. (prefazione: 5) aNOZIONI DI DIRITTO NATURALE. SVILUPPO. MORALE. RELATIVISMO ELABORAZIONE DEL DIRITTO. DIRITTO E MORALE. DIRITTO NATURALE E DIRITTO CRISTIANO IL PROGRESSO.LA TRADIZIONE. PROGRESSO E RELIGIONE. ORDINE SOCIALE. GIUSTIZIA: UGUAGLIANZA. RAZZISMO. FRATERNITÀ CRI aSocietà San Paolo EM - Piazza San Paolo, 14 - 12051 ALBA (CN) (non commercial uses only) ® Copyright 2017 aNOZIONI DI DIRITTO NATURALE. SVILUPPO. MORALE. RELATIVISMO ELABORAZIONE DEL DIRITTO. DIRITTO E MORALE. DIRITTO NATURALE E DIRITTO CRISTIANO IL PROGRESSO.LA TRADIZIONE. PROGRESSO E RELIGIONE. ORDINE SOCIALE. GIUSTIZIA: UGUAGLIANZA. RAZZISMO. FRATERNITÀ CRI aDIRITTO CIVILE